Flags of the French DROM COM - Statistics

General Stats
  • This quiz has been taken 35 times
  • The average score is 7 of 12
Answer Stats
Picture Answer % Correct
Réunion
85%
French Guyana
81%
Guadeloupe
81%
New Caledonia
73%
Mayotte
62%
French Polynesia
58%
Martinique
58%
Saint Pierre and Miquelon
58%
French Southern and Antarctic Lands
50%
Wallis and Futuna
50%
Saint Martin (Netherlands)
46%
Saint Barthélemy
38%
No matching quizzes found
Score Distribution
Percent of People with Each Score
Percentile by Number Answered
Your Score History
You have not taken this quiz